| 000 | 01083nam0a22002891 4500 | ||
|---|---|---|---|
| 001 | rc\3006719 | ||
| 005 | 20250806200845.0 | ||
| 035 | _a(NLR Aleph) 007149507 | ||
| 090 |
_a3540 _c3540 |
||
| 100 | _a20041022d1941 u y0rusy50 ca | ||
| 101 | 0 | _arus | |
| 102 | _aRU | ||
| 105 | _aa z ||||y | ||
| 200 | 1 |
_aПособие к лабораторным работам по электрическим измерениям _fЛ.Г. Сизов и И.Н. Кротков _gЛенингр. ин-т инженеров гражд. возд. флота |
|
| 210 |
_aЛенинград _cЛИИГВФ _d1941 |
||
| 215 |
_a4 ненум.с., 160 с. _cчерт. _d22 см |
||
| 300 | _aЛитогр. изд. | ||
| 300 | _aНа тит л. авторы не указаны | ||
| 700 | 1 |
_aСизов _bЛ.Г. |
|
| 701 | 1 |
_aКротков _bИ.Н. _gИгорь Николаевич |
|
| 801 | 0 |
_aRU _bNLR _gpsbo |
|
| 801 | 1 |
_aRU _bELAR _2rusmarc |
|
| 852 |
_aNLR _jТ20 Г-5/19 |
||
| 942 | _cBOOK | ||
| 945 | _aРоссийская национальная библиотека | ||
| 980 | _aNB | ||
| 980 | _aBV | ||